Statistics for All Jon Bellion Songs

Click here to take the quiz!

General Stats

  • This quiz has been taken 36 times
    (16 since last reset)
  • The average score is 27 of 92

Answer Stats

Answer% Correct
3All Time Low (Ft. Travis Mendes)
94%
13Guillotine (Ft. Travis Mendes)
63%
14Hand of God (Outro) (Ft. Sheldon Ray)
63%
10NewYorkSoul
63%
280's Films
50%
6Blu
50%
5Fashion
50%
1He is the Same
50%
11Morning in America
50%
4New York Soul (Part ii) (Ft. Alec Benjamin)
50%
8Overwhelming
50%
4Stupid Deep
50%
10The Good in Me
50%
5The Internet
50%
7Woke the F*ck Up
50%
7Adult Swim (Ft. TUAMIE)
44%
4Adult Swim - Recorded at Spotify Studios NYC
44%
1Conversations with My Wife
44%
3Halloween
44%
2JT
44%
12Kingdom Come
44%
10Mah's Joint (Ft. Quincy Jones)
44%
4While You Count Sheep
44%
6Dead Man Walking
38%
4Dead Presidents
38%
12iRobot
38%
2Jim Morrison
38%
3Let's Begin (Ft. B.Keyz, Roc Marciano, RZA & Travis Mendes)
38%
1LIFE
38%
11Luxury (Ft. Audra Mae)
38%
11Superman, the Gift and the Curse
38%
7To My Future Wife...
38%
9When the Lions Come (Ft. B.Keyz, C Dot Castro & Logic)
38%
42 Rocking Chairs
31%
2Beautiful Now
31%
9Cautionary Tales
31%
8Couples Retreat
31%
6Crop Circles
31%
5Good Things Fall Apart (with Illenium)
31%
7Jungle
31%
1Munny Right (Ft. Mylon Hayde)
31%
6One More Time
31%
10Ooh (Ft. Christianne Jensen)
31%
9Paper Planes
31%
5Run Wild
31%
10Timeless
31%
5Ungrateful Eyes
31%
9Weight of the World (Ft. B.Keyz)
31%
2Woodstock (Psychedelic Fiction)
31%
7Wutup Snow? (Ft. B.Keyz)
31%
8A Dedicated Instrumental
25%
6A Haunted House
25%
2Carry Your Throne
25%
2Don't Ask Cuz I Don't Know
25%
4D.O.P.E
25%
1Eyes to the Sky
25%
5For the Dreamers (Ft. B.Keyz)
25%
6Maybe IDK
25%
2She Knows My Heart
25%
8Simple and Sweet
25%
1The Right Direction (Intro)
25%
3The Wonder Years
25%
12Want To Be Loved
25%
8Waves of Loneliness
25%
9An Immigrant
19%
14Drink Water
19%
4Human
19%
13Meant to Live (Jon Bellion Version)
19%
6My Soul Back (Ft. B.Keyz & Samira Gibson)
19%
5Obsession
19%
3Pre-Occupied (Ft. B.Keyz)
19%
15Young Gun
19%
3Catch Me If You Can
13%
8DopeLilBoy
13%
7I Feel It (featuring Burna Boy)
13%
8Jon Bellion's One Way to San Diego (Outro)
13%
5Let Me Know How It Goes
13%
7Make Love
13%
9Picture Frame (Ft. Goghi)
13%
10Rat Race
13%
11Something2Relax2
13%
10The Sound of Getting Over You (Ft. Mylon Hayde)
13%
3Heart is Full - Recorded At Spotify Studios NYC
6%
9Violence
6%
124 Freestyle
0%
1Bad for My Health
0%
6False Alarms
0%
3Game Plan
0%
16Game Plan (feat. Jon Bellion)
0%
12Passion Fashion
0%
11The Blueprint
0%
7Welcome to Forever
0%

Score Distribution

Percentile by Number Answered

Percent of People with Each Score

Your Score History

You have not taken this quiz since the last reset